| 000 | 01334cam a2200157 4500500 | ||
|---|---|---|---|
| 005 | 20260208010238.0 | ||
| 041 | _afre | ||
| 042 | _adc | ||
| 100 | 1 | 0 |
_aCzech, Herwig _eauthor |
| 245 | 0 | 0 | _aSanté publique, hygiène raciale et eugénisme sous le Troisième Reich : l’exemple de Vienne |
| 260 | _c2005. | ||
| 500 | _a75 | ||
| 520 | _aThe paper deals with the implementation of eugenic and racist practices in Public Health and Welfare domain. In this process, the Public Health offices played a vital and widely underestimated role, after they had been completely reorganized for this purpose. Vienna is a very instructive example, since its specific situation made the city a top priority on the agenda of Nazi racial politics. This can be seen in a broad range of fields, to mention just the most important ones : eugenic screening of marriages, persecution of “anti-social behavior”, forced sterilizations and mass killing of patients in the so-called “euthanasia” programs, as well as a considerable contribution of the health authorities to the persecution of Jews, Sinti and Roma and forced laborers. | ||
| 786 | 0 | _nRevue d’Histoire de la Shoah | 183 | 2 | 2005-10-19 | p. 423-440 | 2111-885X | |
| 856 | 4 | 1 | _uhttps://shs.cairn.info/revue-d-histoire-de-la-shoah-2005-2-page-423?lang=fr&redirect-ssocas=7080 |
| 999 |
_c1655720 _d1655720 |
||